[Event "Vellmar op-B 5th"]
[Site "Vellmar"]
[Date "2013.07.28"]
[Round "7"]
[White "Weber, Samuel"]
[Black "Bickmann, Uwe"]
[Result "1-0"]
[WhiteElo "1709"]
[BlackElo "1795"]
[PlyCount "100"]
[EventDate "2013.07.25"]
[EventType "swiss"]
[EventRounds "7"]
[EventCountry "GER"]
[SourceTitle "EXT 2015"]
[Source "ChessBase"]
[SourceDate "2014.11.20"]
[SourceVersion "1"]
[SourceVersionDate "2014.11.20"]
[SourceQuality "1"]

1. e4 c5 2. d4 cxd4 3. c3 d3 4. Bxd3 Nc6 5. Nf3 d6 6. c4 Nf6 7. Nc3 g6 8. 0-0 Bg7 9. Bf4 0-0 10. Qe2 Bg4 11. Qe3 Nh5 12. Nh4 Bxc3 13. bxc3 Nxf4 14. Qxf4 Ne5 15. Bc2 Be2 16. Rfe1 Bxc4 17. Qh6 Rb8 18. h3 f6 19. Qf4 e6 20. Qg3 Qe7 21. f4 Nc6 22. f5 g5 23. fxe6 Bxe6 24. Nf5 Bxf5 25. exf5 Ne5 26. h4 h6 27. hxg5 hxg5 28. Bb3+ Kg7 29. Kf2 Rh8 30. Rad1 Qc7 31. Rd4 Qc5 32. Ke2 Qa3 33. Red1 Rbd8 34. Ra4 Qc5 35. Rd5 Qg1 36. Rb5 Rh1 37. Rxb7+ Nd7 38. Qf2 Qc1 39. Rd4 Qxc3 40. Rd3 Qb2+ 41. Kf3 Qe5 42. Re3 Qxf5+ 43. Kg3 Qxf2+ 44. Kxf2 Kf8 45. Re6 Rh4 46. Rxd6 Rf4+ 47. Kg3 Ke7 48. Rd5 f5 49. Ba4 Rc8 50. Rdxd7+ Kf6 1-0

[Event "Hessen-chB"]
[Site "Korbach"]
[Date "2013.03.29"]
[Round "5"]
[White "Bickmann, Uwe"]
[Black "Meise, Jan"]
[Result "1/2-1/2"]
[WhiteElo "1782"]
[BlackElo "1454"]
[PlyCount "70"]
[EventDate "2013.03.27"]
[EventType "swiss"]
[EventRounds "7"]
[EventCountry "GER"]
[SourceTitle "EXT 2014"]
[Source "ChessBase"]
[SourceDate "2013.11.20"]
[SourceVersion "1"]
[SourceVersionDate "2013.11.20"]
[SourceQuality "1"]

1. c4 Nf6 2. g3 d5 3. Bg2 c6 4. Nf3 Bf5 5. 0-0 e6 6. b3 Bd6 7. Bb2 Nbd7 8. d3 0-0 9. Nbd2 Rb8 10. Re1 Bg6 11. Rc1 e5 12. cxd5 cxd5 13. Nh4 Re8 14. Nxg6 hxg6 15. Qc2 Rc8 16. Qb1 Qe7 17. e4 Bb4 18. Rxc8 Rxc8 19. Rc1 Rxc1+ 20. Qxc1 Bxd2 21. Qxd2 d4 22. f4 Nf8 23. fxe5 Qxe5 24. Qb4 Ne6 25. Bf3 b6 26. Bc1 Qc5 27. Qxc5 Nxc5 28. Be2 Nfd7 29. Ba3 Ne5 30. Bxc5 bxc5 31. Kf1 Kf8 32. Ke1 Ke7 33. Kd2 a5 34. Kc2 Kd6 35. Kb2 g5 1/2-1/2

[Event "Moehnesee Cup-B 37th"]
[Site "Moehnesee"]
[Date "2011.09.03"]
[Round "4"]
[White "Bickmann, Uwe"]
[Black "Menne, Klaus"]
[Result "1-0"]
[WhiteElo "1598"]
[BlackElo "1261"]
[PlyCount "51"]
[EventDate "2011.09.01"]
[EventType "swiss"]
[EventRounds "7"]
[EventCountry "GER"]
[SourceTitle "EXT 2013"]
[Source "ChessBase"]
[SourceDate "2012.11.22"]
[SourceVersion "1"]
[SourceVersionDate "2012.11.22"]
[SourceQuality "1"]

1. e4 c5 2. d4 cxd4 3. c3 dxc3 4. Nxc3 e5 5. Bc4 Bb4 6. Bxf7+ Kxf7 7. Qb3+ d5 8. Qxb4 Nc6 9. Qb3 Nd4 10. Qd1 Nf6 11. Bg5 Qd6 12. Bxf6 Qxf6 13. Nge2 Nxe2 14. Nxd5 Qg6 15. Qxe2 Qxg2 16. 0-0-0 Bg4 17. Qc4 Rhc8 18. Nc7+ Kg6 19. Rhg1 Rxc7 20. Qxc7 Qxe4 21. Rd6+ Kh5 22. Qf7+ Kh4 23. Qe7+ Kh3 24. Rg3+ Kxh2 25. Qh4+ Bh3 26. Qxh3# 1-0